La Sevilla de ... Romero Murube / (Record no. 132491)

MARC details
000 -LEADER
campo de control de longitud fija 00878nam a2200253 i 4500
001 - NÚMERO DE CONTROL
campo de control 132491
003 - IDENTIFICADOR DE NÚMERO DE CONTROL
campo de control ES-MaACL
005 - FECHA Y HORA DE LA ÚLTIMA TRANSACCIÓN
campo de control 20250911063552.0
007 - CAMPO FIJO DE DESCRIPCIÓN FÍSICA--INFORMACIÓN GENERAL
campo de control de longitud fija t|
008 - DATOS DE LONGITUD FIJA--INFORMACIÓN GENERAL
campo de control de longitud fija 070214s1981 sp r ||||1| spa d
080 ## - NÚMERO DE LA CLASIFICACIÓN DECIMAL UNIVERSAL
Número de la Clasificación Decimal Universal 821.134.2-14"19"
100 1# - ENTRADA PRINCIPAL--NOMBRE DE PERSONA
Nombre de persona Romero Murube, Joaquín,
Fechas asociadas al nombre 1904-1969
9 (RLIN) 99419
245 13 - MENCIÓN DEL TÍTULO
Título La Sevilla de ... Romero Murube /
Mención de responsabilidad, etc. selección y comentarios de Concha Cobreros ; prólogo de Manuel Barrios.
260 ## - PUBLICACIÓN, DISTRIBUCIÓN, ETC.
Lugar de publicación, distribución, etc. Sevilla :
Nombre del editor, distribuidor, etc. Caja Rural Provincial,
Fecha de publicación, distribución, etc. 1981.
300 ## - DESCRIPCIÓN FÍSICA
Extensión 96 p. :
Otras características físicas il. ;
Dimensiones 18 cm.
490 1# - MENCIÓN DE SERIE
Mención de serie La Sevilla de... ;
Designación de volumen o secuencia 1
700 1# - ENTRADA AGREGADA--NOMBRE PERSONAL
Nombre de persona Cobreros, Concha.
9 (RLIN) 39374
700 ## - ENTRADA AGREGADA--NOMBRE PERSONAL
Nombre de persona Barrios, Manuel,
Fechas asociadas al nombre 1924-2012
9 (RLIN) 235239
710 2# - ENTRADA AGREGADA--NOMBRE DE ENTIDAD CORPORATIVA
Nombre de entidad corporativa o nombre de jurisdicción como elemento de entrada Caja Rural Provincial de Sevilla.
9 (RLIN) 2345
830 0# - PUNTO DE ACCESO ADICIONAL DE SERIE-TÍTULO UNIFORME
Título uniforme La Sevilla de... ;
Designación de volumen o secuencia 1
9 (RLIN) 233390
852 ## - LOCALIZACIÓN
Ubicación ES-MaACL
Número de control de estantería L-1745
Sublocalización o colección R.102246
852 ## - LOCALIZACIÓN
Ubicación ES-MaACL
Número de control de estantería L-1746
Sublocalización o colección R.102247
Holdings
Estatus retirado Estado de pérdida Estado de daño No para préstamo Biblioteca de origen Biblioteca actual Ubicación en estantería Fecha de adquisición Fuente de adquisición Total de préstamos Signatura topográfica completa Código de barras Visto por última vez Precio de reemplazo Tipo de ítem Koha
        Biblioteca del Ateneo de Madrid Biblioteca del Ateneo de Madrid Depósito 2 17/01/2008     L-1746 1137938 23/02/2023 23/02/2023 Libro impreso
        Biblioteca del Ateneo de Madrid Biblioteca del Ateneo de Madrid Depósito 2 17/01/2008     L-1745 1137937 23/02/2023 23/02/2023 Libro impreso